000 00639nam a2200193Ia 4500
003 GCL
008 140319s9999 xx 000 0 ara d
040 _aGCL /
_cGCL
082 0 4 _a813.0873
_bح م
100 1 _aحسين الطوخى
245 1 0 _aمن القصص الاسلامى (هدية من الاديب عبدالفتاح الجمل) /
_cحسين الطوخى
300 _a147 ص
490 _aالهيئة العامة للاستعلامات
_v0
650 0 4 _aالادب العربى
650 0 4 _aالقصص العربية
650 0 4 _aقصص البطولات
650 0 4 _aالقصص التاريخية
942 _2ddc
_cBK
999 _c47611
_d47611